Students with autism : characteristics and instructional programming for special educators /

This book is about: The nature of autism; Educational programming; Present and future contexts.

Đã lưu trong:
Bibliografiske detaljer
Hovedforfatter: Clark, Claudia.
Andre forfattere: Brady, Michael P., Scott, Jack.
Format: Bog
Sprog:English
Udgivet: San Diego, CA : Singular, 2000.
Fag:
Tags: Tilføj Tag
Ingen Tags, Vær først til at tagge denne postø!
Thư viện lưu trữ: Mạng thư viện Đại học Đà Nẵng
LEADER 01198cam a2200397 i 4500
001 000048166
003 7871
005 20030313135925.0
008 010320|2000 vm 000 eng
020 |a 1565936302 
040 |a IRC  |c IRC  |d IRC 
041 0 |a eng 
082 1 4 |a 371.94  |b SC-J 
100 1 |a Clark, Claudia. 
245 0 0 |a Students with autism :  |b characteristics and instructional programming for special educators /  |c Jack Scott, Claudia Clark, Michael P. Brady. 
260 |a San Diego, CA :  |b Singular,  |c 2000. 
300 |a xi, 435 p. :  |b ill. ;  |c 23cm. 
520 3 |a This book is about: The nature of autism; Educational programming; Present and future contexts. 
630 0 4 |a Education. 
630 0 4 |a Austism. 
630 0 4 |a Autistic children. 
630 0 4 |a United States. 
650 0 4 |a Autistic children  |x Education  |z United States. 
650 0 4 |a Autism  |z United States. 
700 1 |a Brady, Michael P. 
700 1 |a Scott, Jack. 
OWN |a DUT 
999 |a From the UDN01 
TYP |a Monograph 
TYP |a Printed language 
980 |a Mạng thư viện Đại học Đà Nẵng